Państwa na literę N - Statystyki

Ogólne statystyki
  • Ten quiz został rozwiązany 243 109 razy
  • Średni wynik to 6 z 9
Statystyki odpowiedzi
Kraj % Poprawnych
Niger
86%
Norwegia
85%
Nigeria
83%
Niemcy
65%
Nowa Zelandia
62%
Nepal
59%
Nikaragua
55%
Namibia
53%
Nauru
38%
Nie znaleziono quizów pasujących do podanych kryteriów
Rozkład punktacji
Procent ludzi z każdym wynikiem
Percentyl według liczby udzielonych odpowiedzi
Twoja historia wyników
Nie rozwiązałeś tego quizu